|
|
|
|
| LEADER |
02400nam a2200421 4500 |
| 001 |
ocn243568567 |
| 003 |
OCoLC |
| 005 |
20180501121918.0 |
| 006 |
m o d |
| 007 |
cr cnu---unuuu |
| 008 |
070322s2006 ne ob 001 0 eng d |
| 040 |
|
|
|a SFB
|b eng
|e pn
|c SFB
|d OCLCQ
|d OPELS
|d OCLCQ
|d OPELS
|d OCLCF
|d OCLCA
|d OCLCQ
|d DEBBG
|d GrThAP
|
| 020 |
|
|
|a 012000786X
|q (electronic bk.)
|
| 020 |
|
|
|a 9780120007868
|q (electronic bk.)
|
| 035 |
|
|
|a (OCoLC)243568567
|
| 050 |
|
4 |
|a SB123.57
|b .A38eb vol. 88
|
| 082 |
0 |
4 |
|a 630
|2 22
|
| 049 |
|
|
|a TEFA
|
| 245 |
0 |
0 |
|a Advances in agronomy.
|n Vol. 88 /
|c edited by Donald L. Sparks.
|
| 260 |
|
|
|a Amsterdam ;
|a Boston :
|b Elsevier Academic Press,
|c Ã2005.
|
| 300 |
|
|
|a 1 online resource.
|
| 336 |
|
|
|a text
|b txt
|2 rdacontent
|
| 337 |
|
|
|a computer
|b c
|2 rdamedia
|
| 338 |
|
|
|a online resource
|b cr
|2 rdacarrier
|
| 500 |
|
|
|a Title from PDF title page (viewed Apr. 26, 2007).
|
| 504 |
|
|
|a Includes bibliographical references and index.
|
| 520 |
|
|
|a Volume 88 contains eight timely reviews on topics dealing with biodiversity, carbon sequestration, crop improvement, nitrogen dynamics, and the discipline of soil science. Discussions include but are not limited to: Agriculture, soil biodiversity, climate change and agricultural diversity; ways to improve soil aeration, oxygation and plant processes, and oxygation scenarios; and pre-sowing seed treatment as a means for improving germination, plant growth and crop yield. Advances in Agronomy continues to be recognized as a leading reference and a first-rate source for the latest research in agronomy. As always, the subjects covered are varied and exemplary of the myraid of subject matter dealt with by thislong-running serial. * Over 40 figures and 32 tables * Presents a review of the present and future status of soil science * Offers an analysis of biodiversity in agronomy.
|
| 650 |
|
0 |
|a Agronomy.
|
| 650 |
|
0 |
|a Crops
|x Genetic engineering.
|
| 650 |
|
0 |
|a Soil science.
|
| 650 |
|
0 |
|a Allelopathy.
|
| 650 |
|
7 |
|a Agronomy.
|2 fast
|0 (OCoLC)fst00801886
|
| 650 |
|
7 |
|a Allelopathy.
|2 fast
|0 (OCoLC)fst00805522
|
| 650 |
|
7 |
|a Crops
|x Genetic engineering.
|2 fast
|0 (OCoLC)fst00884007
|
| 650 |
|
7 |
|a Soil science.
|2 fast
|0 (OCoLC)fst01124601
|
| 655 |
|
4 |
|a Electronic books.
|
| 700 |
1 |
|
|a Sparks, Donald L.,
|d 1953-
|
| 856 |
4 |
0 |
|u https://www.sciencedirect.com/science/bookseries/00652113/88
|z Full Text via HEAL-Link
|